Click the Countries on a Borderless World Map #3 - Statistics

General Stats
  • This quiz has been taken 50,882 times
  • The average score is 15 of 25
Answers on the Map
Answers color-coded by a green-red scale on the quiz's map according to % correct below.
 
Answer Stats
Answer % Correct
United States
99%
Spain
98%
Madagascar
95%
South Korea
93%
Italy
92%
Philippines
88%
Colombia
85%
Tunisia
80%
Cyprus
73%
Bangladesh
68%
Dominican Republic
67%
Oman
60%
Angola
59%
Sudan
52%
Uruguay
49%
Singapore
48%
Ukraine
47%
United Kingdom
47%
Myanmar
44%
Federated States of Micronesia
41%
Tanzania
35%
Azerbaijan
33%
Antigua and Barbuda
32%
Vanuatu
31%
Grenada
22%
No matching quizzes found
Score Distribution
Percent of People with Each Score
Percentile by Number Answered
Your Score History
You have not taken this quiz